000
00269nam a22000977a 4500
008
240831b |||||||| |||| 00| 0 eng d
020
_a
978812912349
100
_a
Thakur Kumar Rajesh
_9
7794
245
_a
The Essentials of Vedic Mathematics
260
_a
New Delhi
_b
Rupa
_c
2019
999
_c
12637
_d
12637